Rappeur par image (francophone) - Statistiques

Statistiques générales
  • Ce quiz a été pris 3 711 fois
  • Le résultat moyen est 26 sur 40
Statistiques - réponses
Par images Réponse % Correct
Damso
97%
PNL
96%
PLK
92%
Bigflo & Oli
90%
Jul
90%
Orelsan
89%
Ninho
88%
Booba
87%
Kaaris
87%
Niska
87%
SCH
86%
Gazo
85%
Nekfeu
85%
Tiakola
82%
Gambi
79%
Vald
76%
Diam's
75%
Zola
75%
Kalash Criminel
74%
Shay
72%
Freeze Corleone
70%
Hamza
69%
Rim'K
69%
Soolking
69%
Gradur
58%
Leto
58%
Laylow
55%
Luv Resval
51%
NTM
50%
IAM
48%
Dosseh
47%
Guy2Bezbar
44%
Alpha Wann
42%
Columbine
42%
La Fève
40%
Mc Solaar
38%
Oxmo Puccino
29%
13 Block
25%
So La Lune
22%
Youv Dee
16%
Aucun quiz correspondant
Distribution des résultats
% des personnes avec chaque résultat
Percentile par nombre de réponses
Votre historique - résultats
Vous n’avez pas pris ce quiz